Central Library OPAC University of Rajshahi

Homer and the heroic age / (Record no. 62903)

MARC details
000 -LEADER
fixed length control field 00801nam a2200253 a 4500
001 - CONTROL NUMBER
control field 62903
003 - CONTROL NUMBER IDENTIFIER
rucl marc code BD-RjUL
005 - DATE AND TIME OF LATEST TRANSACTION
control field 20211209081135.0
008 - FIXED-LENGTH DATA ELEMENTS--GENERAL INFORMATION
fixed length control field 170126s1975 enka b 001 0 eng
020 ## - INTERNATIONAL STANDARD BOOK NUMBER
International Standard Book Number 0500250405 :
Terms of availability £4.50
035 ## - SYSTEM CONTROL NUMBER
System control number (BD-RjUL)63031
040 ## - CATALOGING SOURCE
Original cataloging agency DLC
Transcribing agency DLC
Modifying agency BD-RjUL
Language of cataloging eng
041 ## - LANGUAGE CODE
Language code of text/sound track or separate title eng
082 00 - DEWEY DECIMAL CLASSIFICATION NUMBER
Classification number 883.01
Edition number 23
Author mark and year LUH 1975
100 1# - MAIN ENTRY--PERSONAL NAME
Personal name Luce, John Victor,
Dates associated with a name 1920-
9 (RLIN) 187060
245 10 - TITLE STATEMENT
Title Homer and the heroic age /
Statement of responsibility, etc. J. V. Luce.
260 ## - PUBLICATION, DISTRIBUTION, ETC. (IMPRINT)
Place of publication, distribution, etc. London :
Name of publisher, distributor, etc. Thames and Hudson,
Date of publication, distribution, etc. c1975
300 ## - PHYSICAL DESCRIPTION
Pagination 200 p. :
Illustrations ill. ;
Size 24 cm.
504 ## - BIBLIOGRAPHY, ETC. NOTE
Bibliography, etc Includes bibliographical references and index.
600 00 - SUBJECT ADDED ENTRY--PERSONAL NAME
Personal name Homer
General subdivision Criticism and interpretation.
650 #0 - SUBJECT ADDED ENTRY--TOPICAL TERM
Topical term or geographic name as entry element Epic poetry, Greek
General subdivision History and criticism.
9 (RLIN) 187062
Topical term or geographic name as entry element Civilization, Homeric.
9 (RLIN) 187063
942 ## - ADDED ENTRY ELEMENTS (KOHA)
Source of classification or shelving scheme Dewey Decimal Classification
Koha item type Books
Holdings
Lost status Source of classification or shelving scheme Damaged status Not for loan Collection code Permanent Location Current Location Shelving location Date acquired Source of acquisition Cost, normal purchase price Total Checkouts Full call number Date last seen Copy number Koha item type
  Dewey Decimal Classification   Not For Loan Non-fiction Central Library, University of Rajshahi Central Library, University of Rajshahi Reading Room 03/08/1982 Heffor 8.00   883.01 LUH 1975 26/01/2017 C-1 Books